000
00287nam a2200109Ia 4500
008
220204s9999 xx 000 0 und d
082
_a
678
_b
MIT.2
245
0
_a
Physico chemical aspects of polymer surfaces. V 2
260
_a
New York
_b
Plenum
_c
1983
700
_a
Mittal, K L
942
_c
BK
999
_c
38879
_d
38879